00782nam a2200253 a 450000100060000000300080000600500170001400800390003103500190007004000270008904100110011608200200012710000270014724500840017425000140025826000370027230000450030950000450035450400300039950400200042965000210044970000210047070000370049110057BD-RjUL20211208234903.0140122s1969 enkaf b 001 0 eng a(BD-RjUL)10104 aDLCcDLCdBD-RjULbeng1 aengger00a539.7bBOA 19691 aBorn, Max,d1882-1970.10aAtomic physics /cby Max, Born ; from the original translation of John Dougall. a8th ed. / aLondon :bBlackie & Son,cc1969. axiv, 495 p., 11 plates :billus ;c23 cm aTranslation of the German Moderne physik aBibliography: p. 477-481. aIncludes index. 0aNuclear physics.1 aRadcliffe, J. M.1 aBlin-Stoyle, R. J.q(Roger John)